<?xml version="1.0" encoding="UTF-8"?><?xml-stylesheet type="text/xsl" href="static/style.xsl"?><OAI-PMH xmlns="http://www.openarchives.org/OAI/2.0/" xmlns:xsi="http://www.w3.org/2001/XMLSchema-instance" xsi:schemaLocation="http://www.openarchives.org/OAI/2.0/ http://www.openarchives.org/OAI/2.0/OAI-PMH.xsd"><responseDate>2026-04-13T07:34:48Z</responseDate><request verb="GetRecord" identifier="oai:www.recercat.cat:2117/98260" metadataPrefix="marc">https://recercat.cat/oai/request</request><GetRecord><record><header><identifier>oai:recercat.cat:2117/98260</identifier><datestamp>2026-01-25T01:10:32Z</datestamp><setSpec>com_2072_1033</setSpec><setSpec>col_2072_452949</setSpec></header><metadata><record xmlns="http://www.loc.gov/MARC21/slim" xmlns:dcterms="http://purl.org/dc/terms/" xmlns:xsi="http://www.w3.org/2001/XMLSchema-instance" xmlns:doc="http://www.lyncode.com/xoai" xsi:schemaLocation="http://www.loc.gov/MARC21/slim http://www.loc.gov/standards/marcxml/schema/MARC21slim.xsd">
   <leader>00925njm 22002777a 4500</leader>
   <datafield ind2=" " ind1=" " tag="042">
      <subfield code="a">dc</subfield>
   </datafield>
   <datafield ind2=" " ind1=" " tag="720">
      <subfield code="a">Leon, I</subfield>
      <subfield code="e">author</subfield>
   </datafield>
   <datafield ind2=" " ind1=" " tag="720">
      <subfield code="a">Sagarna, M</subfield>
      <subfield code="e">author</subfield>
   </datafield>
   <datafield ind2=" " ind1=" " tag="720">
      <subfield code="a">Mora, F</subfield>
      <subfield code="e">author</subfield>
   </datafield>
   <datafield ind2=" " ind1=" " tag="720">
      <subfield code="a">Marieta, C</subfield>
      <subfield code="e">author</subfield>
   </datafield>
   <datafield ind2=" " ind1=" " tag="720">
      <subfield code="a">Otaduy, J</subfield>
      <subfield code="e">author</subfield>
   </datafield>
   <datafield ind2=" " ind1=" " tag="260">
      <subfield code="c">2016-10</subfield>
   </datafield>
   <datafield ind2=" " ind1=" " tag="520">
      <subfield code="a">In this article, it is presented the experience of the Educational Innovation Project accepted by the Basque Country University, which is being developed since 2014 at the Polytechnic University School in Donostia. This project highlights for being the first teaching experience in the Technical Architecture Degree, where teams of teachers from different subjects are developing a work in a cooperative, joint, coordinated and collaborative way, and encompassing the full spectrum of the&#xd;
design - construction process closely with the architecture professional dynamics. BIM technology (Building Information Modeling) is being used so that the same three-dimensional parametric modeling is shared among different subjects, for the&#xd;
resolution of real Learning Based Projects, linking teaching and labor market.</subfield>
   </datafield>
   <datafield ind2=" " ind1=" " tag="520">
      <subfield code="a">En esta comunicación, se presenta la experiencia del Proyecto de Innovación Educativa aceptado por la Universidad del País Vasco, que se está desarrollando desde 2014 en la Escuela Universitaria Politécnica de Donostia. Destaca por ser la&#xd;
primera experiencia docente en el Grado en Arquitectura Técnica, donde equipos docentes de diversas materias están desarrollando un trabajo de manera cooperativa, conjunta, coordinada y colaborativa, abarcando el espectro completo del proceso proyectual-constructivo en estrecha relación con la dinámica profesional Arquitectónica. Se está empleando la tecnología BIM, (Building Information Modeling) de manera que se comparte un mismo modelado tridimensional paramétrico entre diferentes asignaturas, para la resolución del Aprendizaje Basado en Proyectos reales, enlazando docencia y mercado laboral.</subfield>
   </datafield>
   <datafield tag="653" ind2=" " ind1=" ">
      <subfield code="a">Àrees temàtiques de la UPC::Arquitectura</subfield>
   </datafield>
   <datafield tag="653" ind2=" " ind1=" ">
      <subfield code="a">Àrees temàtiques de la UPC::Ensenyament i aprenentatge</subfield>
   </datafield>
   <datafield tag="653" ind2=" " ind1=" ">
      <subfield code="a">Architecture -- Study and teaching (Higher)</subfield>
   </datafield>
   <datafield tag="653" ind2=" " ind1=" ">
      <subfield code="a">Building information modeling</subfield>
   </datafield>
   <datafield tag="653" ind2=" " ind1=" ">
      <subfield code="a">Active learning</subfield>
   </datafield>
   <datafield tag="653" ind2=" " ind1=" ">
      <subfield code="a">BIM</subfield>
   </datafield>
   <datafield tag="653" ind2=" " ind1=" ">
      <subfield code="a">Architecture</subfield>
   </datafield>
   <datafield tag="653" ind2=" " ind1=" ">
      <subfield code="a">Teaching innovation</subfield>
   </datafield>
   <datafield tag="653" ind2=" " ind1=" ">
      <subfield code="a">Active methodologies</subfield>
   </datafield>
   <datafield tag="653" ind2=" " ind1=" ">
      <subfield code="a">Arquitectura</subfield>
   </datafield>
   <datafield tag="653" ind2=" " ind1=" ">
      <subfield code="a">Innovación docente</subfield>
   </datafield>
   <datafield tag="653" ind2=" " ind1=" ">
      <subfield code="a">Metodologías activas</subfield>
   </datafield>
   <datafield tag="653" ind2=" " ind1=" ">
      <subfield code="a">Arquitectura -- Ensenyament universitari</subfield>
   </datafield>
   <datafield tag="653" ind2=" " ind1=" ">
      <subfield code="a">Modelatge d'informació de construcció</subfield>
   </datafield>
   <datafield tag="653" ind2=" " ind1=" ">
      <subfield code="a">Aprenentatge actiu</subfield>
   </datafield>
   <datafield ind2="0" ind1="0" tag="245">
      <subfield code="a">El empleo de la tecnología BIM en la docencia vinculada a la Arquitectura: aprendizaje cooperativo y colaborativo basado en Proyectos reales entre diferentes asignaturas</subfield>
   </datafield>
   <datafield ind2="0" ind1="0" tag="245">
      <subfield code="a">The use of BIM technology in teaching related to Architecture: cooperative and collaborative learning based on real Projects between different subjects</subfield>
   </datafield>
</record></metadata></record></GetRecord></OAI-PMH>